[Event "PokerStars IoM International Chess Tournament 2015"]
[Site "?"]
[Date "2015.10.07"]
[Round "5.29"]
[White "Kobo, Ori"]
[Black "Zisman, Philip"]
[Result "1/2-1/2"]
[BlackElo "2305"]
[WhiteElo "2427"]
[LiveChessVersion "1.4.6"]

1. e4 e6 2. d4 d5 3. Nc3 dxe4 4. Nxe4 Nf6 5. Nxf6+ Qxf6 6. Nf3 h6 7. Bd3 Nc6 8.
c3 Bd6 9. Nd2 e5 10. Ne4 Qg6 11. Nxd6+ Qxd6 12. dxe5 Qxe5+ 13. Be3 O-O 14. O-O
Bf5 15. Be2 Rad8 16. Qb3 b6 17. Rad1 Ne7 18. Bc4 Be6 19. Bxe6 Qxe6 20. Qxe6 fxe6
21. Rxd8 Rxd8 22. Bf4 c6 23. Re1 Kf7 24. Kf1 Rd5 25. b3 g5 26. Bc1 Ng6 27. c4 Rd7
28. g3 b5 29. cxb5 cxb5 30. Be3 Ne7 31. Rc1 Nd5 32. Ke2 a5 33. Kf3 Nxe3 34. Kxe3
Rd5 35. Rc7+ Kf6 36. a3 Re5+ 37. Kd3 Rd5+ 38. Ke2 Re5+ 39. Kd2 Rd5+ 40. Ke2 Re5+
41. Kf1 Rd5 42. Ra7 Rd3 43. Rxa5 Rxb3 44. Kg2 b4 45. axb4 Ke5 1/2-1/2